[Event "FISU World University-ch 2020"]
[Site "Online"]
[Date "2020.10.26"]
[Round "4.9"]
[White "Herrera Camara, Genny Ceci"]
[Black "Meier, Lukas"]
[Result "1/2-1/2"]
[WhiteElo "1828"]
[BlackElo "2094"]
[Annotator "TA"]
[PlyCount "139"]
[EventDate "2020.10.26"]
[SourceTitle "playchess.com"]
[Source "ChessBase"]
[SourceQuality "1"]

1. d4 d5 2. c4 Nc6 3. e3 e5 4. cxd5 Qxd5 5. Nc3 Bb4 6. a3 Bxc3+ 7. bxc3 Nf6 8. Bb2 Qd6 9. Qc2 O-O 10. Nf3 e4 11. Ng5 Bf5 12. Nh3 Rfe8 13. Be2 a6 14. c4 Rad8 15. Nf4 Qe7 16. Rd1 Nb8 17. a4 a5 18. O-O Nc6 19. Qb3 Nb4 20. Ba3 b6 21. c5 bxc5 22. dxc5 Qxc5 23. Rxd8 Rxd8 24. Bc4 Qe7 25. Ne2 c5 26. Ng3 Bg6 27. Bb2 Nfd5 28. Rd1 Qb7 29. Bxd5 Rxd5 30. Rc1 Qd7 31. h4 h6 32. Qc3 f6 33. Qc4 Kh7 34. h5 Bxh5 35. Nxh5 Rxh5 36. Qxe4+ Qf5 37. Qxf5+ Rxf5 38. Rc4 Nd3 39. Bc3 Rxf2 40. Bxa5 Re2 41. Bb6 Rxe3 42. Bxc5 Nxc5 43. Rxc5 Ra3 44. Ra5 Kg6 45. Ra7 h5 46. a5 Kh6 47. Ra8 g6 48. a6 Kg5 49. Kh2 Kg4 50. a7 g5 51. Rf8 Rxa7 52. Rxf6 h4 53. Rb6 Ra4 54. Rb3 Kf4 55. Rf3+ Kg4 56. Rb3 Ra1 57. Rb4+ Kh5 58. Rb5 Ra3 59. Rc5 Kg6 60. Rb5 Rg3 61. Ra5 Rb3 62. Rc5 g4 63. Rc6+ Kf5 64. Rc5+ Kf4 65. Rc4+ Kf5 66. Rc5+ Ke6 67. Rh5 h3 68. gxh3 gxh3 69. Rxh3 Rxh3+ 70. Kxh3 1/2-1/2

[Event "FISU World University-ch 2020"]
[Site "Online"]
[Date "2020.10.26"]
[Round "4.10"]
[White "Cimer, Emanuel"]
[Black "Vaculik, Jakub"]
[Result "1/2-1/2"]
[WhiteElo "2247"]
[BlackElo "2147"]
[Annotator "TA"]
[PlyCount "92"]
[EventDate "2020.10.26"]
[SourceTitle "playchess.com"]
[Source "ChessBase"]
[SourceQuality "1"]

1. e4 e6 2. Nf3 d5 3. Nc3 Nf6 4. e5 Nfd7 5. d4 c5 6. dxc5 Nc6 7. Bf4 Nxc5 8. Bb5 Be7 9. O-O a6 10. Bxc6+ bxc6 11. Nd4 Qc7 12. Qg4 g6 13. Rfe1 h5 14. Qg3 Bd7 15. Bg5 Qd8 16. Bxe7 Qxe7 17. Rab1 a5 18. b3 Na6 19. Qd3 Nb4 20. Qd2 c5 21. Ndb5 Bxb5 22. Nxb5 O-O 23. c3 Nc6 24. a4 Rfd8 25. Rbd1 d4 26. c4 Rd7 27. Qf4 Rad8 28. Nd6 Rxd6 29. exd6 Qxd6 30. Qxd6 Rxd6 31. Kf1 Rd7 32. Ke2 Rb7 33. Rb1 Kf8 34. Kd2 Ke7 35. f4 Kd6 36. g3 f6 37. h3 e5 38. fxe5+ Nxe5 39. Rf1 Ke6 40. Kc2 f5 41. Rbe1 Kd6 42. Rf2 Re7 43. Kd2 Rb7 44. Kc2 Re7 45. Kd2 Rb7 46. Kc2 Re7 1/2-1/2

[Event "FISU World University-ch 2020"]
[Site "Online"]
[Date "2020.10.26"]
[Round "4.10"]
[White "Pulpan, Matej"]
[Black "Campos, Maria Jose"]
[Result "1/2-1/2"]
[WhiteElo "2077"]
[BlackElo "2112"]
[Annotator "TA"]
[PlyCount "105"]
[EventDate "2020.10.26"]
[SourceTitle "playchess.com"]
[Source "ChessBase"]
[SourceQuality "1"]

1. e4 e5 2. Nf3 Nc6 3. d4 exd4 4. Nxd4 Nf6 5. Nc3 Bb4 6. Nxc6 bxc6 7. Bd3 d5 8. exd5 O-O 9. O-O cxd5 10. Bg5 c6 11. h3 Rb8 12. Qf3 Be7 13. b3 Be6 14. Ne2 Re8 15. Nd4 Bd7 16. Rae1 h6 17. Bh4 c5 18. Nf5 Bxf5 19. Qxf5 g6 20. Qf4 Nh5 21. Qg4 Bxh4 22. Rxe8+ Qxe8 23. Qxh4 Qe5 24. f4 Qd4+ 25. Kh2 Re8 26. Qf2 Qxf2 27. Rxf2 Nf6 28. Re2 Kf8 29. Rxe8+ Kxe8 30. Kg3 Ke7 31. Kf3 Kd6 32. g4 g5 33. c3 a5 34. Bf5 Ng8 35. Ke3 Ne7 36. Bd3 f6 37. c4 d4+ 38. Ke4 Ke6 39. a3 Nc8 40. f5+ Kd6 41. b4 axb4 42. axb4 Nb6 43. b5 Na4 44. Bc2 Nb6 45. Bd3 Nd7 46. Bf1 Nb6 47. Bd3 Na4 48. Bc2 Nc3+ 49. Kd3 Kc7 50. Bb3 Kd6 51. Bc2 Kc7 52. Bb3 Kb6 53. Bc2 1/2-1/2

[Event "FISU World University-ch 2020"]
[Site "Online"]
[Date "2020.10.26"]
[Round "4.10"]
[White "Curatolo, Nicolas Matias"]
[Black "Otruba, Marek"]
[Result "0-1"]
[WhiteElo "1665"]
[BlackElo "2017"]
[Annotator "TA"]
[PlyCount "44"]
[EventDate "2020.10.26"]
[SourceTitle "playchess.com"]
[Source "ChessBase"]
[SourceQuality "1"]

1. d4 d5 2. c4 e6 3. Nc3 Nf6 4. cxd5 exd5 5. Bg5 Be7 6. e3 c6 7. Bd3 O-O 8. Qc2 Nbd7 9. Nf3 Re8 10. O-O Nf8 11. Rab1 g6 12. b4 a6 13. a4 Ne6 14. Bh4 Ng7 15. b5 Bf5 16. bxc6 bxc6 17. Bg3 Rc8 18. Rfc1 Qa5 19. h3 c5 20. Bxf5 Nxf5 21. Bh2 cxd4 22. exd4 Ne4 0-1

[Event "FISU World University-ch 2020"]
[Site "Online"]
[Date "2020.10.26"]
[Round "4.11"]
[White "Garcia Martin, Marta"]
[Black "Sandoval Mercado, Carlos"]
[Result "1-0"]
[WhiteElo "2328"]
[BlackElo "2298"]
[Annotator "TA"]
[PlyCount "77"]
[EventDate "2020.10.26"]
[SourceTitle "playchess.com"]
[Source "ChessBase"]
[SourceQuality "1"]

1. e4 c5 2. Nf3 d6 3. Bb5+ Bd7 4. Bxd7+ Qxd7 5. c4 Nc6 6. d4 cxd4 7. Nxd4 g6 8. b3 Bg7 9. Bb2 Nf6 10. Nc3 O-O 11. O-O a6 12. Nxc6 Qxc6 13. Nd5 Nxd5 14. exd5 Qc5 15. Bxg7 Kxg7 16. Re1 Rfe8 17. Qd2 b5 18. Rac1 b4 19. Re4 e5 20. dxe6 Rxe6 21. Rxe6 fxe6 22. Re1 e5 23. Rd1 Rf8 24. Qe2 Rf6 25. Rd5 Qb6 26. Qe3 Qc7 27. h3 h6 28. Qd2 Qb6 29. Qe3 Qc7 30. c5 Qc6 31. Qe4 Rf4 32. Qd3 dxc5 33. Rd7+ Kf8 34. Rd6 Qe4 35. Qxa6 Qe1+ 36. Kh2 Qxf2 37. Rxg6 Rf5 38. Qd6+ Kf7 39. Qe6+ 1-0

[Event "FISU World University-ch 2020"]
[Site "Online"]
[Date "2020.10.26"]
[Round "4.11"]
[White "Gracia Alvarez, Gerardo An"]
[Black "Rubio Tent, Francisco"]
[Result "0-1"]
[WhiteElo "2308"]
[BlackElo "2357"]
[Annotator "TA"]
[PlyCount "74"]
[EventDate "2020.10.26"]
[SourceTitle "playchess.com"]
[Source "ChessBase"]
[SourceQuality "1"]

1. e4 c6 2. c4 e6 3. d4 d5 4. cxd5 exd5 5. e5 c5 6. Nc3 Nc6 7. Bb5 Be6 8. Nf3 a6 9. Bxc6+ bxc6 10. Na4 cxd4 11. Qxd4 Ne7 12. Nc5 Nf5 13. Qa4 Qb6 14. Nxe6 Bb4+ 15. Bd2 Bxd2+ 16. Nxd2 fxe6 17. Rc1 Rc8 18. Nb3 O-O 19. Nc5 Qxb2 20. O-O Qxe5 21. Rfe1 Qd4 22. Qxa6 Nh4 23. Qe2 Rf6 24. Nxe6 Qa7 25. Nc5 Rcf8 26. Qg4 Nxg2 27. Re6 Rxf2 28. Rd6 Ne3 29. Qe6+ Kh8 30. Qxe3 Qxa2 31. Qg3 Qe2 32. Qh3 R2f3 33. Re6 Qd2 34. Rf1 Qd4+ 35. Kg2 Rxf1 36. Qe3 Qg4+ 37. Qg3 R8f2# 0-1

[Event "FISU World University-ch 2020"]
[Site "Online"]
[Date "2020.10.26"]
[Round "4.11"]
[White "Tello Chavez, Isaac Valent"]
[Black "Nieves Cabanes, Jose Manuel"]
[Result "0-1"]
[WhiteElo "2275"]
[BlackElo "2293"]
[Annotator "TA"]
[PlyCount "132"]
[EventDate "2020.10.26"]
[SourceTitle "playchess.com"]
[Source "ChessBase"]
[SourceQuality "1"]

1. c4 Nf6 2. g3 e5 3. Bg2 h6 4. Nc3 Bb4 5. e4 Bxc3 6. bxc3 O-O 7. Ne2 d6 8. d3 Nc6 9. h3 Ne7 10. O-O Ng6 11. f4 exf4 12. Nxf4 Ne5 13. Be3 c6 14. Qd2 Bd7 15. c5 dxc5 16. Bxc5 Re8 17. d4 Nc4 18. Qd3 b5 19. e5 Nh7 20. Rf2 Ng5 21. h4 Ne6 22. Nxe6 Bxe6 23. Be4 Qd7 24. Raf1 Rac8 25. Rf4 Rc7 26. g4 Qd8 27. g5 hxg5 28. hxg5 Qxg5+ 29. Bg2 Bd5 30. R4f2 Ne3 31. Qe2 Nxg2 32. Rxg2 Qxg2+ 33. Qxg2 Bxg2 34. Kxg2 Rd7 35. a4 a6 36. axb5 axb5 37. Ra1 f6 38. Bd6 fxe5 39. Bxe5 c5 40. Rb1 cxd4 41. cxd4 Rb7 42. Rb4 Ra8 43. Kf3 Ra4 44. Rb2 b4 45. Ke4 b3 46. Kd3 Ra2 47. Rb1 Kf7 48. d5 Ra5 49. Kc4 Ra4+ 50. Kc5 Rab4 51. Bb2 g5 52. Rf1+ Rf4 53. Rb1 Rf2 54. Kc6 Rb8 55. d6 Rc2+ 56. Kd7 g4 57. Rf1+ Kg6 58. Rb1 g3 59. Bd4 g2 60. Ke6 Re2+ 61. Kd5 Rd2 62. Kc4 b2 63. Kc3 Rxd4 64. Kxd4 Kf7 65. Kd5 g1=Q 66. Rxg1 b1=Q 0-1

[Event "FISU World University-ch 2020"]
[Site "Online"]
[Date "2020.10.26"]
[Round "4.11"]
[White "Navarrete Espi, Samuel"]
[Black "Real Pereyra, Diana Carime"]
[Result "0-1"]
[WhiteElo "2251"]
[BlackElo "2042"]
[Annotator "TA"]
[PlyCount "62"]
[EventDate "2020.10.26"]
[SourceTitle "playchess.com"]
[Source "ChessBase"]
[SourceQuality "1"]

1. e4 c5 2. Nf3 d6 3. d4 cxd4 4. Nxd4 Nf6 5. Nc3 Nc6 6. Be3 e5 7. Nb3 Be7 8. f3 O-O 9. Qd2 a5 10. g4 a4 11. Nc1 a3 12. b3 Be6 13. g5 Nh5 14. N1e2 Nb4 15. Nd5 Nxd5 16. exd5 Bd7 17. Rg1 Qc7 18. Ng3 Nf4 19. Bxf4 exf4 20. Nh5 Qc5 21. Rg2 Bd8 22. b4 Re8+ 23. Be2 Qe3 24. Nxf4 Qe5 25. Rb1 Bxg5 26. Rxg5 Qxg5 27. Qd4 Bb5 28. c4 Bxc4 29. Qxc4 Qg1+ 30. Kd2 Qxb1 31. Nd3 Rac8 0-1

[Event "FISU World University-ch 2020"]
[Site "Online"]
[Date "2020.10.26"]
[Round "4.12"]
[White "Suarez Gomez, Julio"]
[Black "Bosnjak, Petar"]
[Result "1/2-1/2"]
[WhiteElo "2426"]
[BlackElo "2308"]
[Annotator "TA"]
[PlyCount "70"]
[EventDate "2020.10.26"]
[SourceTitle "playchess.com"]
[Source "ChessBase"]
[SourceQuality "1"]

1. e4 c5 2. Nf3 d6 3. d4 cxd4 4. Nxd4 Nf6 5. Nc3 a6 6. f4 e5 7. Nb3 Nbd7 8. g4 h6 9. g5 hxg5 10. fxg5 Nh5 11. Nd5 Nb6 12. Nxb6 Qxb6 13. Qf3 g6 14. Bc4 Qb4+ 15. Qc3 Qxc3+ 16. bxc3 Ng3 17. Rg1 Nxe4 18. Nd2 Nxd2 19. Bxd2 Rxh2 20. Bd5 Rb8 21. Rb1 b5 22. a4 Bb7 23. c4 Bxd5 24. cxd5 Rh4 25. axb5 axb5 26. Be3 Be7 27. Kd2 Rh2+ 28. Kd3 Rh3 29. Rh1 Rxh1 30. Rxh1 Kd7 31. Rf1 Ke8 32. Rh1 Rc8 33. Rb1 Rb8 34. Rh1 Bf8 35. Ra1 Be7 1/2-1/2

[Event "FISU World University-ch 2020"]
[Site "Online"]
[Date "2020.10.26"]
[Round "4.12"]
[White "Abal Cores, Lucas"]
[Black "Matanovic, Luka"]
[Result "1-0"]
[WhiteElo "2315"]
[BlackElo "2251"]
[Annotator "TA"]
[PlyCount "63"]
[EventDate "2020.10.26"]
[SourceTitle "playchess.com"]
[Source "ChessBase"]
[SourceQuality "1"]

1. e4 e5 2. Nf3 Nc6 3. d4 exd4 4. Bc4 Nf6 5. e5 d5 6. Bb5 Ne4 7. O-O Bc5 8. Nxd4 Bd7 9. Bxc6 bxc6 10. f3 Ng5 11. Be3 O-O 12. c3 Qe7 13. f4 Ne4 14. Nd2 Nxd2 15. Qxd2 f6 16. Nf3 Bg4 17. Bxc5 Qxc5+ 18. Nd4 Rae8 19. exf6 Rxf6 20. Rae1 Ref8 21. Rf2 Qd6 22. Ref1 Bc8 23. g3 Bh3 24. Re1 g5 25. f5 h6 26. Ne6 Re8 27. Qd4 Kf7 28. g4 c5 29. Qe3 Bxg4 30. Nxg5+ Kg7 31. Qxe8 Bxf5 32. Re7+ 1-0

[Event "FISU World University-ch 2020"]
[Site "Online"]
[Date "2020.10.26"]
[Round "4.12"]
[White "Muha, Miljenko"]
[Black "Portela Peleteiro, Alberto"]
[Result "0-1"]
[WhiteElo "2295"]
[BlackElo "2366"]
[Annotator "TA"]
[PlyCount "96"]
[EventDate "2020.10.26"]
[SourceTitle "playchess.com"]
[Source "ChessBase"]
[SourceQuality "1"]

1. d4 d6 2. e4 Nf6 3. Nc3 e5 4. Nf3 Nbd7 5. g3 Be7 6. Bg2 O-O 7. O-O c6 8. h3 Re8 9. a4 b6 10. Be3 Qc7 11. Qd2 Bb7 12. Rad1 a6 13. g4 Rad8 14. Rfe1 b5 15. axb5 cxb5 16. Nh2 Nb6 17. g5 Nh5 18. Qe2 Nf4 19. Bxf4 exf4 20. h4 Nc4 21. Rd3 Nxb2 22. Rf3 Bf8 23. Qd2 b4 24. Nd5 Bxd5 25. exd5 Rxe1+ 26. Qxe1 Qxc2 27. Qxb4 Re8 28. Bf1 Qc1 29. Rc3 Rb8 30. Rxc1 Rxb4 31. Bxa6 Rxd4 32. Bb7 Nc4 33. Nf3 Re4 34. Ba6 Ne5 35. Kg2 g6 36. Rc8 Kg7 37. Nxe5 dxe5 38. Rd8 Rd4 39. Rd7 Bc5 40. Kf3 e4+ 41. Kxf4 e3+ 42. Kf3 exf2 43. d6 Rd1 44. Kg2 Rg1+ 45. Kh2 f1=Q 46. Bxf1 Rxf1 47. Rd8 Rd1 48. d7 Be7 0-1

[Event "FISU World University-ch 2020"]
[Site "Online"]
[Date "2020.10.26"]
[Round "4.12"]
[White "Ivekovic, Tihana"]
[Black "Garcia Alvarez, Paula"]
[Result "1-0"]
[WhiteElo "2127"]
[BlackElo "1661"]
[Annotator "TA"]
[PlyCount "105"]
[EventDate "2020.10.26"]
[SourceTitle "playchess.com"]
[Source "ChessBase"]
[SourceQuality "1"]

1. d4 Nf6 2. c4 g6 3. Nc3 Bg7 4. e4 d6 5. Nf3 O-O 6. h3 Nfd7 7. Be3 e5 8. d5 a5 9. g4 Na6 10. Qd2 Nac5 11. O-O-O b6 12. Be2 Nf6 13. Qc2 Ba6 14. Rdg1 Qd7 15. Nd2 Rfb8 16. Nb5 Bxb5 17. cxb5 a4 18. h4 Ra5 19. h5 Rba8 20. hxg6 fxg6 21. g5 Ne8 22. f3 Bf8 23. Nf1 Qf7 24. Kb1 Ng7 25. Ng3 Rd8 26. Rh3 Rd7 27. Rgh1 Ne8 28. Nf1 Ra8 29. Nh2 a3 30. b4 Na4 31. Ng4 Ra7 32. Qc6 Re7 33. Qc1 Rd7 34. Kc2 Nb2 35. Qg1 Ra4 36. Kb3 Ra8 37. Bc1 Ra7 38. Qe3 Qe7 39. R1h2 Qd8 40. Kc2 Qa8 41. Qb3 Qd8 42. Kb1 Qe7 43. Bd2 Qf7 44. Qc2 Na4 45. Qd1 Nb2 46. Qh1 Re7 47. Rf2 Rd7 48. f4 exf4 49. Rxf4 Qe7 50. Bc3 Na4 51. Bd4 Ra8 52. Nf6+ Nxf6 53. Bxf6 1-0

[Event "FISU World University-ch 2020"]
[Site "Online"]
[Date "2020.10.26"]
[Round "4.13"]
[White "Garcia de Dios, Jose Antonio"]
[Black "Azman Hisham, Nur Najiha"]
[Result "1-0"]
[WhiteElo "2206"]
[BlackElo "1975"]
[Annotator "TA"]
[PlyCount "73"]
[EventDate "2020.10.26"]
[SourceTitle "playchess.com"]
[Source "ChessBase"]
[SourceQuality "1"]

1. d4 Nf6 2. c4 e6 3. Nf3 b6 4. g3 Ba6 5. b3 d5 6. Bg2 Bb4+ 7. Bd2 Be7 8. O-O O-O 9. cxd5 exd5 10. Nc3 c5 11. dxc5 bxc5 12. Rc1 Nbd7 13. Bf4 d4 14. Na4 Rc8 15. Re1 Nh5 16. Bd2 Re8 17. e3 d3 18. Nb2 Bf6 19. Bc3 Bxc3 20. Rxc3 Ndf6 21. Nc4 Bxc4 22. bxc4 Qa5 23. Rxd3 Rb8 24. Qc2 Ne4 25. Red1 Nhf6 26. Nd2 Ng5 27. Nb3 Qc7 28. h4 Nge4 29. Bxe4 Rxe4 30. Rd7 Nxd7 31. Qxe4 Ne5 32. Rd5 Ng6 33. Nxc5 Nf8 34. Qf4 Rb1+ 35. Kh2 Qa5 36. Nd3 Qd2 37. Ne5 1-0

[Event "FISU World University-ch 2020"]
[Site "Online"]
[Date "2020.10.26"]
[Round "4.13"]
[White "Luna Javier, Edgar Froylan"]
[Black "Nithyalakshmi, Sivanesan"]
[Result "1/2-1/2"]
[WhiteElo "2114"]
[BlackElo "1945"]
[Annotator "TA"]
[PlyCount "156"]
[EventDate "2020.10.26"]
[SourceTitle "playchess.com"]
[Source "ChessBase"]
[SourceQuality "1"]

1. d4 Nf6 2. c4 g6 3. Nc3 d5 4. cxd5 Nxd5 5. Bd2 Bg7 6. e4 Nxc3 7. Bxc3 O-O 8. Qd2 e5 9. dxe5 Qe7 10. O-O-O Bxe5 11. Nf3 Bxc3 12. Qxc3 Be6 13. h4 h5 14. Bc4 Nc6 15. Bd5 a5 16. Rhe1 Nb4 17. Kb1 c6 18. Bb3 Bxb3 19. Qxb3 a4 20. Qa3 c5 21. e5 b5 22. Ng5 Rfd8 23. Qf3 Rxd1+ 24. Rxd1 Rf8 25. a3 Na6 26. Qc6 Nb8 27. Qd5 Na6 28. f4 b4 29. Qd6 Qxd6 30. Rxd6 Nc7 31. Rc6 Nd5 32. Rxc5 Nxf4 33. g3 Ne6 34. Nxe6 fxe6 35. axb4 Rf3 36. Rc3 Rf1+ 37. Ka2 Re1 38. Rc5 Re3 39. Ra5 Rxg3 40. Rxa4 Rg4 41. Ra8+ Kg7 42. b5 Rb4 43. Rb8 Rxh4 44. Kb3 Re4 45. b6 Rxe5 46. Kc4 Re4+ 47. Kc5 Re5+ 48. Kc6 Re4 49. Kc5 Re5+ 50. Kb4 Re4+ 51. Ka5 Re5+ 52. Ka6 Re4 53. Kb5 Re5+ 54. Kb4 Re4+ 55. Kc3 Re3+ 56. Kc4 Re4+ 57. Kc5 Re5+ 58. Kc6 Re4 59. Rd8 Rb4 60. b7 Rxb2 61. b8=Q Rxb8 62. Rxb8 Kf6 63. Kd6 h4 64. Rf8+ Kg5 65. Ke5 h3 66. Ke4 Kg4 67. Rf2 Kg3 68. Rf3+ Kg4 69. Rf4+ Kg3 70. Rf3+ Kg2 71. Rf6 h2 72. Rxg6+ Kf2 73. Rh6 Kg2 74. Rg6+ Kf2 75. Rh6 Kg2 76. Ke5 h1=Q 77. Rxh1 Kxh1 78. Kxe6 Kg2 1/2-1/2

[Event "FISU World University-ch 2020"]
[Site "Online"]
[Date "2020.10.26"]
[Round "4.13"]
[White "Ahmad Nazari, Emir Rusyaidi"]
[Black "Quiroga Jaquez, Angel Ivan"]
[Result "1-0"]
[WhiteElo "1963"]
[BlackElo "2178"]
[Annotator "TA"]
[PlyCount "87"]
[EventDate "2020.10.26"]
[SourceTitle "playchess.com"]
[Source "ChessBase"]
[SourceQuality "1"]

1. e4 e5 2. Nf3 Nc6 3. Bb5 a6 4. Ba4 Nf6 5. d3 d6 6. O-O g6 7. c3 Bg7 8. Re1 O-O 9. Nbd2 h6 10. Bxc6 bxc6 11. d4 Nh5 12. dxe5 dxe5 13. Nc4 Qe7 14. Qa4 Bd7 15. Be3 Rfe8 16. Rad1 Nf4 17. Ncxe5 Bxe5 18. Nxe5 Qxe5 19. Bxf4 Qxf4 20. Rxd7 Re6 21. g3 Qg4 22. Qc4 Rb8 23. b4 Rb5 24. Rd8+ Kh7 25. Qd4 g5 26. Qh8+ Kg6 27. Qg8+ Kf6 28. Rd7 Re7 29. e5+ Rbxe5 30. Rxe7 Rxe7 31. Qh8+ Kf5 32. Rxe7 Qd1+ 33. Kg2 Qd5+ 34. f3 g4 35. Qd4 Qxa2+ 36. Qf2 gxf3+ 37. Kxf3 Qc4 38. Re3 Kg6 39. Qc2+ Kg7 40. Kg2 c5 41. Qe4 Qb5 42. Qe5+ Kg8 43. bxc5 a5 44. Qe8+ 1-0

[Event "FISU World University-ch 2020"]
[Site "Online"]
[Date "2020.10.26"]
[Round "4.13"]
[White "Azhar, Puteri Rifqah Fahada"]
[Black "Fuentes Godoy, Lilia Ivonne"]
[Result "1/2-1/2"]
[WhiteElo "1939"]
[BlackElo "2196"]
[Annotator "TA"]
[PlyCount "100"]
[EventDate "2020.10.26"]
[SourceTitle "playchess.com"]
[Source "ChessBase"]
[SourceQuality "1"]

1. e4 c6 2. d4 d5 3. Nc3 dxe4 4. Nxe4 Bf5 5. Ng3 Bg6 6. Nf3 e6 7. c3 Nd7 8. Bc4 Ngf6 9. O-O Bd6 10. Re1 O-O 11. Qe2 Nb6 12. Bb3 a5 13. a4 Nbd5 14. Ne5 Qb6 15. Bc4 Qc7 16. h4 Nd7 17. h5 Bf5 18. Nxf5 exf5 19. Bxd5 cxd5 20. Nxd7 Qxd7 21. Qf3 Rfe8 22. Bf4 Bxf4 23. Qxf4 Re4 24. Rxe4 fxe4 25. h6 f6 26. Re1 Kf7 27. hxg7 Rg8 28. Re3 Rxg7 29. Rg3 Rg6 30. Rxg6 hxg6 31. Qh6 Qxa4 32. Qh7+ Ke6 33. Qxg6 Qa1+ 34. Kh2 Qxb2 35. Qe8+ Kd6 36. Qd8+ Kc6 37. Qxf6+ Kb5 38. Qd6 Kc4 39. Qc5+ Kd3 40. Qxa5 Qxc3 41. Qxd5 Qxd4 42. Qxb7 Qxf2 43. Qb3+ Ke2 44. Qc2+ Ke3 45. Qc3+ Ke2 46. Qc2+ Ke3 47. Qc5+ Ke2 48. Qc2+ Ke3 49. Qc5+ Ke2 50. Qc2+ Ke3 1/2-1/2

[Event "FISU World University-ch 2020"]
[Site "Online"]
[Date "2020.10.26"]
[Round "4.14"]
[White "Morante Rafael, Aritz"]
[Black "Cahen, Alexis"]
[Result "1-0"]
[WhiteElo "2161"]
[BlackElo "2131"]
[Annotator "TA"]
[PlyCount "139"]
[EventDate "2020.10.26"]
[SourceTitle "playchess.com"]
[Source "ChessBase"]
[SourceQuality "1"]

1. e4 c5 2. Nf3 d6 3. d4 cxd4 4. Nxd4 Nf6 5. f3 g6 6. c4 Nc6 7. Be3 Bg7 8. Nc3 O-O 9. Qd2 Nxd4 10. Bxd4 Be6 11. Be2 Nd7 12. Be3 Rc8 13. Nd5 Ne5 14. Rc1 Bxd5 15. exd5 a6 16. O-O Qd7 17. Bb6 Qa4 18. b3 Qa3 19. Rc2 Nd7 20. Be3 Rb8 21. Rb1 Rfc8 22. b4 b5 23. c5 dxc5 24. bxc5 Nxc5 25. Rxc5 Rxc5 26. Rb3 Bc3 27. Rxa3 Bxd2 28. Bxc5 Rd8 29. Bxe7 Rxd5 30. Rd3 Re5 31. Bf6 Be3+ 32. Kf1 Re8 33. Rd8 Kf8 34. Rxe8+ Kxe8 35. Bd3 Bf4 36. g3 Bc7 37. Kf2 Bb6+ 38. Ke2 Kd7 39. Be4 Ke6 40. Bg5 f5 41. Bb7 a5 42. Be3 Bc7 43. Ba6 b4 44. Bc4+ Kd6 45. Bf4+ Kc5 46. Bxc7 Kxc4 47. Bxa5 b3 48. axb3+ Kxb3 49. Kd3 Ka4 50. Bd2 Kb5 51. Kd4 Kc6 52. Ke5 Kd7 53. Kf6 Ke8 54. Kg7 h5 55. Kxg6 Kf8 56. Kxf5 h4 57. gxh4 Kg8 58. Kg6 Kh8 59. h5 Kg8 60. h6 Kh8 61. Bc3+ Kg8 62. h7+ Kf8 63. h8=Q+ Ke7 64. Qe5+ Kd7 65. Kf6 Kd8 66. Qe7+ Kc8 67. Ke6 Kb8 68. Kd6 Ka8 69. Kc6 Kb8 70. Qb7# 1-0

[Event "FISU World University-ch 2020"]
[Site "Online"]
[Date "2020.10.26"]
[Round "4.14"]
[White "Budak, Rewi"]
[Black "De las Heras Figueroa, Rodrigo"]
[Result "1-0"]
[WhiteElo "2065"]
[BlackElo "1999"]
[Annotator "TA"]
[PlyCount "63"]
[EventDate "2020.10.26"]
[SourceTitle "playchess.com"]
[Source "ChessBase"]
[SourceQuality "1"]

1. e4 c6 2. Ne2 d5 3. e5 Bf5 4. Ng3 Bg6 5. h4 h6 6. h5 Bh7 7. e6 Nf6 8. d4 Qd6 9. exf7+ Kxf7 10. Bd3 e5 11. Bxh7 Rxh7 12. O-O e4 13. c4 Nbd7 14. Nc3 Re8 15. cxd5 cxd5 16. Qb3 Qb6 17. Bf4 Qxb3 18. axb3 a6 19. Rfc1 Ke6 20. Na4 Bd6 21. Bxd6 Kxd6 22. Rc2 Nb8 23. Nc5 Nc6 24. Nxb7+ Kd7 25. Rxa6 Nxd4 26. Rd6+ Ke7 27. Rc7+ Kf8 28. Rxf6+ gxf6 29. Rxh7 Kg8 30. Rxh6 Kg7 31. Rg6+ Kf7 32. Nd6+ 1-0

[Event "FISU World University-ch 2020"]
[Site "Online"]
[Date "2020.10.26"]
[Round "4.14"]
[White "G______, Y____"]
[Black "Toledo Sanz, Imanol"]
[Result "1-0"]
[WhiteElo "2007"]
[BlackElo "2177"]
[Annotator "TA"]
[PlyCount "107"]
[EventDate "2020.10.26"]
[SourceTitle "playchess.com"]
[Source "ChessBase"]
[SourceQuality "1"]

1. d4 Nf6 2. Bf4 d5 3. e3 c5 4. Nc3 a6 5. dxc5 Nc6 6. Na4 e5 7. Bg5 Qa5+ 8. c3 Ne4 9. Nf3 Nxc5 10. Nxc5 Qxc5 11. Be2 Be6 12. O-O f6 13. Bh4 Be7 14. Bd3 O-O 15. e4 Rad8 16. exd5 Qxd5 17. Bc2 Qxd1 18. Rfxd1 g6 19. Be4 Kf7 20. h3 Rxd1+ 21. Rxd1 Rd8 22. Rxd8 Nxd8 23. b3 h5 24. Kf1 g5 25. Bg3 h4 26. Bh2 Nc6 27. Ke2 Bc5 28. Ne1 Bd7 29. Nd3 Be7 30. f3 Ke6 31. c4 Nd4+ 32. Kd2 Bc6 33. Bg1 f5 34. Bxd4 exd4 35. Bxc6 bxc6 36. Nb2 Ke5 37. Nd3+ Ke6 38. b4 Kf6 39. Kc2 Ke6 40. Kb3 Kd6 41. a4 Kc7 42. c5 Bf6 43. Kc4 Kd7 44. Ne1 Ke6 45. Nd3 Kd7 46. f4 gxf4 47. Nxf4 Bg5 48. Ne2 Ke6 49. Nxd4+ Ke5 50. Nxc6+ Kf4 51. Nd4 Ke4 52. Ne6 Be7 53. c6 Ke5 54. c7 1-0

[Event "FISU World University-ch 2020"]
[Site "Online"]
[Date "2020.10.26"]
[Round "4.14"]
[White "Apellaniz Perez, Estibaliz"]
[Black "Bellaiche, Elise"]
[Result "0-1"]
[WhiteElo "1363"]
[BlackElo "2036"]
[Annotator "TA"]
[PlyCount "124"]
[EventDate "2020.10.26"]
[SourceTitle "playchess.com"]
[Source "ChessBase"]
[SourceQuality "1"]

1. Nf3 d5 2. c4 c6 3. e3 Nf6 4. Nc3 e6 5. Be2 Be7 6. O-O O-O 7. b3 Nbd7 8. Bb2 e5 9. d3 Re8 10. Qc2 a6 11. Rfe1 Bd6 12. Rad1 Nf8 13. h4 Bg4 14. Ng5 Bxe2 15. Qxe2 h6 16. Nh3 Ne6 17. Qf3 Bc7 18. Ne2 Nh7 19. Qh5 Nf6 20. Qf3 Qd7 21. Qf5 Nc5 22. Ng3 Qxf5 23. Nxf5 Ncd7 24. Kf1 Rad8 25. Ng1 Kh7 26. Nh3 Ba5 27. Re2 Bb4 28. a3 Bf8 29. b4 a5 30. c5 axb4 31. axb4 Ra8 32. Ree1 b6 33. d4 bxc5 34. dxc5 Reb8 35. Bc3 Ne4 36. Bd2 Nxd2+ 37. Rxd2 Rxb4 38. e4 d4 39. Rc1 Nxc5 40. Rdc2 Nb3 41. Rd1 c5 42. Ng1 c4 43. Ne2 d3 44. Rb2 dxe2+ 45. Kxe2 Nd4+ 46. Ke3 Nxf5+ 47. exf5 Rxb2 48. Rc1 Ra3+ 49. Ke4 c3 50. Kd3 e4+ 51. Kxe4 c2 52. g4 Rb4+ 53. Kd5 Rb1 54. Rxc2 Rd1+ 55. Ke5 Ra5+ 56. Kf4 Rd4+ 57. Kg3 Bd6+ 58. Kh3 Ra3+ 59. Kg2 Rxg4+ 60. Kf1 Rxh4 61. Rc6 Rd3 62. Rc7 Bxc7 0-1

[Event "FISU World University-ch 2020"]
[Site "Online"]
[Date "2020.10.26"]
[Round "4.15"]
[White "Lin, Peisen"]
[Black "Rosales Schulz, Robin"]
[Result "1-0"]
[WhiteElo "1965"]
[BlackElo "2133"]
[Annotator "TA"]
[PlyCount "57"]
[EventDate "2020.10.26"]
[SourceTitle "playchess.com"]
[Source "ChessBase"]
[SourceQuality "1"]

1. e4 g6 2. d4 Bg7 3. Nc3 d6 4. Be3 a6 5. Qd2 Nd7 6. f3 b5 7. a4 b4 8. Nd1 a5 9. c3 bxc3 10. Nxc3 Bb7 11. Bd3 h5 12. Nge2 e6 13. O-O Ne7 14. Rac1 O-O 15. Nb5 Bc6 16. Bg5 f6 17. Bh6 Nb6 18. b3 Qd7 19. Rc2 Bxb5 20. axb5 a4 21. bxa4 Rxa4 22. Rfc1 Rc8 23. Bxg7 Kxg7 24. Rc3 Ra7 25. Qc2 e5 26. d5 h4 27. Rb3 Na4 28. Ra3 Rca8 29. Rca1 1-0